Muflis Akibat Kad Kredit
| Format: | Book |
|---|---|
| Published: |
Kelantan :
Nurul Cipta Kreatif ,
2011
|
| Series: | Fokus Isu-Isu Semasa
|
| Subjects: |
MARC
| LEADER | 00000cam a2200000 7i4500 | ||
|---|---|---|---|
| 001 | 0000093041 | ||
| 005 | 20120601.0 | ||
| 008 | 120610 bm | ||
| 020 | |a 9789670172071 | ||
| 090 | 0 | 0 | |a J 361.1 SIR |
| 245 | 1 | 0 | |a Muflis Akibat Kad Kredit |c penyusun Anis Suraya Hashim |
| 260 | |a Kelantan : |b Nurul Cipta Kreatif , |c 2011 | ||
| 300 | |a 44p. : |b ill. ; |c 26cm. | ||
| 440 | 0 | |a Fokus Isu-Isu Semasa | |
| 650 | 0 | 0 | |a Credit card |x Social problems |x Juvenile literature |
| 999 | |a 0000124317 |b Buku |c Koleksi Pinjaman Kanak-Kanak |e Perpustakaan Komuniti UTC Melaka | ||